New discovery encyclopedia / (Record no. 752811)

MARC details
000 -LEADER
fixed length control field 00886namaa2200289 a 4500
001 - CONTROL NUMBER
control field vtls000932235
003 - CONTROL NUMBER IDENTIFIER
control field NLI
005 - DATE AND TIME OF LATEST TRANSACTION
control field 20210627085725.0
008 - FIXED-LENGTH DATA ELEMENTS--GENERAL INFORMATION
fixed length control field 110929s1988 enka e 001 0 eng
020 ## - INTERNATIONAL STANDARD BOOK NUMBER
International Standard Book Number 1871745020
039 #9 - LEVEL OF BIBLIOGRAPHIC CONTROL AND CODING DETAIL [OBSOLETE]
-- 201109292022
-- Entertech_02
040 ## - CATALOGING SOURCE
Original cataloging agency NLI
Language of cataloging eng
Transcribing agency Entertech-2011
Description conventions AACR2
041 0# - LANGUAGE CODE
Language code of text/sound track or separate title eng
044 ## - COUNTRY OF PUBLISHING/PRODUCING ENTITY CODE
MARC country code enk
082 04 - DEWEY DECIMAL CLASSIFICATION NUMBER
Classification number 030
245 00 - TITLE STATEMENT
Title New discovery encyclopedia /
Statement of responsibility, etc. edited John Paton
260 ## - PUBLICATION, DISTRIBUTION, ETC.
Place of publication, distribution, etc. London :
Name of publisher, distributor, etc. Rainbow Books,
Date of publication, distribution, etc. 1988
300 ## - PHYSICAL DESCRIPTION
Extent 415 p. :
Other physical details ill. (some col.) ;
Dimensions 26 cm.
500 ## - GENERAL NOTE
General note A concise family reference book with more than 2500 articles and hundreds of color illustrations
500 ## - GENERAL NOTE
General note Includes index
650 #0 - SUBJECT ADDED ENTRY--TOPICAL TERM
Topical term or geographic name entry element Encyclopedias
9 (RLIN) 813927
700 1# - ADDED ENTRY--PERSONAL NAME
Personal name Paton, John,
Dates associated with a name 1914-
Relationship edt
9 (RLIN) 871865
887 ## - NON-MARC INFORMATION FIELD
Content of non-MARC field
901 ## - LOCAL DATA ELEMENT A, LDA (RLIN)
a 514725
b 22.7.1991
902 ## - LOCAL DATA ELEMENT B, LDB (RLIN)
a R.R.030 N 42 j
942 ## - ADDED ENTRY ELEMENTS (KOHA)
Source of classification or shelving scheme Dewey Decimal Classification
Koha item type Books
Holdings
Withdrawn status Lost status Damaged status Not for loan Collection code Home library Current library Shelving location Date acquired Total Checkouts Full call number Date last seen Price effective from Koha item type
        Reading Room National Library of India National Library of India Reading Room - Main Reading Room     R.R.030 N 42 j 27/06/2021 27/06/2021 Books
                                                                           
web counter

Copyright ©2020 The National Library of India, Govt. of India ↔ Hosted by NVLI, MOC ↔ Technology and Design by National Library of India, Ministry of Culture, Govt. of India